Nghi vấn về tác giả Lục Vân Tiên /

में बचाया:
ग्रंथसूची विवरण
मुख्य लेखक: Nguyễn Văn Trung, GS.
स्वरूप: लेख
भाषा:Vietnamese
विषय:
टैग : टैग जोड़ें
कोई टैग नहीं, इस रिकॉर्ड को टैग करने वाले पहले व्यक्ति बनें!
Thư viện lưu trữ: Thư viện Trường Đại học Đà Lạt
LEADER 00667nam a2200253 4500
001 DLU090075342
005 ##20090528
040 # # |a DLU  |b vie 
041 # # |a vie 
044 # # |a vn 
100 # # |a Nguyễn Văn Trung,   |c GS. 
245 # # |a Nghi vấn về tác giả Lục Vân Tiên /  |c Nguyễn Văn Trung. 
653 # # |a Khảo cứu văn học 
653 # # |a Nguyễn Đình Chiểu, 1822-1888  
653 # # |a Truyện Nôm  
773 # # |t Tạp chí văn học  |g Số 12, 1999, tr. 27-34 
994 # # |a DLU 
900 # # |a True 
911 # # |a Nguyễn Thị Linh Chi 
925 # # |a G 
926 # # |a A 
927 # # |a BB 
980 # # |a Thư viện Trường Đại học Đà Lạt